[Event "Sparkassen-Open B"]
[Site "Heusenstamm, Martinsee"]
[Date "2017.11.26"]
[Round "6.43"]
[White "Herdt, Werner"]
[Black "Wachsmann, Elmar"]
[Result "0-1"]
[WhiteElo "1425"]
[BlackElo "1665"]
[PlyCount "106"]
[EventDate "2017.??.??"]
[WhiteTeam "SF Heusenstamm"]
[BlackTeam "SC Groß-Umstadt"]

1. d4 d5 2. c4 e6 3. Nc3 Nf6 4. Nf3 Be7 5. e3 O-O 6. Bd3 c5 7. O-O Nc6 8. a3 b6
9. Re1 Bb7 10. h3 Rc8 11. Rb1 Qc7 12. cxd5 exd5 13. Bf5 Rcd8 14. b3 Rfe8 15.
Bb2 a6 16. Qc2 cxd4 17. exd4 g6 18. Bd3 Bf8 19. Qd2 Bg7 20. Bc2 Qd6 21. b4 b5
22. Rxe8+ Rxe8 23. Re1 Nd8 24. Rxe8+ Nxe8 25. Qe3 Ne6 26. Ne2 Qc7 27. Bb3 Nd6
28. Qc3 Nc4 29. Bxc4 dxc4 30. Ne5 Qd8 31. Qe3 Qd5 32. f3 Qd8 33. Ng4 a5 34.
bxa5 Qxa5 35. Qc3 Qb6 36. Kf1 Nc7 37. Qd2 Bc8 38. Ne5 Qd6 39. Qb4 Qxb4 40. axb4
Nd5 41. Kf2 Nxb4 42. f4 Bxe5 43. dxe5 Nd3+ 44. Ke3 Nxb2 45. Kd4 Na4 46. g4 Bb7
47. f5 Bg2 48. e6 fxe6 49. fxe6 Bxh3 50. Nf4 Bxg4 51. Ke5 Bxe6 52. Nxe6 b4 53.
Kd4 b3 0-1

[Event "Sparkassen-Open B"]
[Site "Heusenstamm, Martinsee"]
[Date "2017.11.26"]
[Round "6.44"]
[White "Häfner, Günther"]
[Black "Fritsch, Reinhold"]
[Result "0-1"]
[WhiteElo "1238"]
[BlackElo "1653"]
[PlyCount "104"]
[EventDate "2017.??.??"]
[WhiteTeam "Berkershm"]
[BlackTeam "SC Somborn"]

1. e4 g6 2. d4 d6 3. Nf3 Nd7 4. Bf4 Bg7 5. c3 e5 6. dxe5 dxe5 7. Bg5 Ngf6 8.
Be2 O-O 9. Nbd2 a6 10. Nc4 Qe8 11. Qc2 b5 12. Ncd2 Bb7 13. b4 c5 14. O-O cxb4
15. cxb4 Rc8 16. Qb1 Nb6 17. Bd3 Qe6 18. Qb2 Nh5 19. Be3 Nf4 20. Qb3 Qxb3 21.
Nxb3 Nxd3 22. Bxb6 Bxe4 23. Nc5 Bxf3 24. gxf3 Nxb4 25. Ne4 f5 26. Bc5 fxe4 27.
Bxb4 Rxf3 28. Rae1 e3 29. Rxe3 Rxe3 30. fxe3 Bf8 31. Be1 Rc1 32. Bg3 Rxf1+ 33.
Kxf1 Bd6 34. e4 Kf7 35. Ke2 g5 36. h3 h5 37. h4 gxh4 38. Bxh4 Be7 39. Bg3 Ke6
40. Be1 Ba3 41. Kf3 Kd6 42. Kg3 Kc5 43. Bc3 Kc4 44. Bxe5 Kd3 45. Kf3 Kc2 46.
Bf6 Kb1 47. e5 Kxa2 48. e6 Bd6 49. Ke4 b4 50. Kd3 b3 51. e7 Bxe7 52. Bxe7 b2
0-1

[Event "Sparkassen-Open B"]
[Site "Heusenstamm, Martinsee"]
[Date "2017.11.26"]
[Round "6.45"]
[White "Pessotschinski, Eduard"]
[Black "Rupp, Arnim"]
[Result "1-0"]
[WhiteElo "1297"]
[BlackElo "1636"]
[PlyCount "57"]
[EventDate "2017.??.??"]
[WhiteTeam "TuS Makkabi"]
[BlackTeam "SC Eschborn"]

1. e4 d5 2. exd5 Nf6 3. Bb5+ Bd7 4. Be2 Nxd5 5. c4 Nf6 6. Nc3 e5 7. d3 Bb4 8.
Bd2 Nc6 9. Nf3 O-O 10. O-O Re8 11. a3 Bd6 12. Bg5 h6 13. Bh4 Be7 14. d4 exd4
15. Nxd4 Nxd4 16. Qxd4 Be6 17. Rfd1 c5 18. Qf4 Qb6 19. Rab1 Bd6 20. Rxd6 Qc7
21. Rbd1 Nh7 22. Nb5 Qa5 23. b4 cxb4 24. axb4 Qa2 25. R6d2 Qa4 26. Qd6 g5 27.
Bg3 Nf6 28. Qd4 Nh5 29. Bxh5 1-0

[Event "Sparkassen-Open B"]
[Site "Heusenstamm, Martinsee"]
[Date "2017.11.26"]
[Round "6.46"]
[White "Weyerer, Noah"]
[Black "Uphoff, Jürgen"]
[Result "1/2-1/2"]
[WhiteElo "1154"]
[BlackElo "1625"]
[PlyCount "84"]
[EventDate "2017.??.??"]
[WhiteTeam "SV Oberursel"]
[BlackTeam "vereinslos"]

1. d4 d5 2. Bf4 Nf6 3. Nf3 e6 4. e3 Nbd7 5. Bd3 Be7 6. c3 Nh5 7. Bg3 Nxg3 8.
hxg3 h6 9. Nbd2 a6 10. Qc2 Nf6 11. O-O c5 12. Rac1 c4 13. Be2 b5 14. e4 dxe4
15. Nxe4 Bb7 16. Nxf6+ Bxf6 17. Rfe1 O-O 18. b3 cxb3 19. axb3 Rc8 20. Rcd1 Qc7
21. Rc1 Rfd8 22. Bd1 Qd6 23. Qd3 Bxf3 24. Bxf3 Bxd4 25. cxd4 Rxc1 26. Rxc1 Qxd4
27. Qxd4 Rxd4 28. Rc6 a5 29. Ra6 a4 30. bxa4 Rxa4 31. Rxa4 bxa4 32. Bd1 a3 33.
Bb3 Kf8 34. Kf1 Ke7 35. Ke2 Kd6 36. Kd3 Kc5 37. Kc3 h5 38. Bd1 a2 39. Kb2 a1=Q+
40. Kxa1 g6 41. Kb2 f6 42. Bb3 Kd6 1/2-1/2

[Event "Sparkassen-Open B"]
[Site "Heusenstamm, Martinsee"]
[Date "2017.11.26"]
[Round "6.47"]
[White "Löhr, Frederic"]
[Black "Wöhl, Torsten"]
[Result "1/2-1/2"]
[WhiteElo "1127"]
[BlackElo "1559"]
[PlyCount "35"]
[EventDate "2017.??.??"]
[WhiteTeam "SF Ötzingen"]
[BlackTeam "SC Groß-Zimmern"]

1. f4 e6 2. Nf3 Nf6 3. e3 c6 4. Be2 d5 5. d4 Be7 6. O-O b6 7. c3 Ba6 8. Bxa6
Nxa6 9. Nbd2 O-O 10. Ne5 Qd6 11. b3 Qc7 12. Qe2 Nb8 13. Bb2 b5 14. b4 Nbd7 15.
Rf3 g6 16. Raf1 a5 17. a3 axb4 18. axb4 1/2-1/2

[Event "Sparkassen-Open B"]
[Site "Heusenstamm, Martinsee"]
[Date "2017.11.26"]
[Round "6.48"]
[White "Moldenhauer, Lennart"]
[Black "Espig, Nils"]
[Result "0-1"]
[WhiteElo "1502"]
[BlackElo "1409"]
[PlyCount "56"]
[EventDate "2017.??.??"]
[WhiteTeam "SV Oberursel"]
[BlackTeam "USV TU Dresden"]

1. e4 c5 2. Nf3 d6 3. d4 cxd4 4. Nxd4 Nf6 5. Nc3 g6 6. Be3 Bg7 7. f3 O-O 8. Qd2
Nc6 9. h4 Bd7 10. Bc4 Qa5 11. g4 Rfc8 12. Bb3 Ne5 13. h5 Nc4 14. Bxc4 Rxc4 15.
hxg6 fxg6 16. Nb3 Qc7 17. O-O-O Rc8 18. Rh2 b5 19. Qd3 a5 20. a3 b4 21. axb4 a4
22. Na1 a3 23. Bd2 axb2+ 24. Kxb2 Rxb4+ 25. Kc1 Qa5 26. Nb3 Qa3+ 27. Kb1 Ra8
28. Ne2 Qa1# 0-1

[Event "Sparkassen-Open B"]
[Site "Heusenstamm, Martinsee"]
[Date "2017.11.26"]
[Round "6.49"]
[White "Tobias, Christian"]
[Black "Ramien, Hannah"]
[Result "1/2-1/2"]
[WhiteElo "1457"]
[BlackElo "1369"]
[PlyCount "101"]
[EventDate "2017.??.??"]
[WhiteTeam "SV Oberursel"]
[BlackTeam "SG Porz"]

1. e4 e5 2. Nf3 Nc6 3. d4 exd4 4. Nxd4 Nf6 5. Nc3 Bb4 6. Nxc6 bxc6 7. e5 Qe7 8.
Qe2 Nd5 9. Bd2 Nxc3 10. bxc3 Bc5 11. Rb1 O-O 12. g3 d6 13. exd6 Qxe2+ 14. Bxe2
cxd6 15. O-O Bf5 16. Bd3 Bxd3 17. cxd3 Rab8 18. d4 Bb6 19. Bf4 Bc7 20. c4 Rxb1
21. Rxb1 Rd8 22. Rb7 Bb6 23. d5 cxd5 24. cxd5 h6 25. Be3 Bc5 26. Kf1 a5 27. a4
Bb4 28. Ke2 g5 29. Bd2 Re8+ 30. Kd3 Bxd2 31. Kxd2 Re5 32. Rb5 Kf8 33. Rxa5 Ke7
34. Rb5 Re4 35. Rb7+ Kf6 36. Rb3 Rxa4 37. Rf3+ Kg6 38. Rd3 f6 39. Ke3 Kf5 40.
f3 Ke5 41. Rd2 f5 42. h3 f4+ 43. gxf4+ gxf4+ 44. Kf2 Rd4 45. Rxd4 Kxd4 46. Ke2
Kxd5 47. Kd3 Ke5 48. h4 h5 49. Kc3 d5 50. Kd3 d4 51. Kc4 1/2-1/2

[Event "Sparkassen-Open B"]
[Site "Heusenstamm, Martinsee"]
[Date "2017.11.26"]
[Round "6.50"]
[White "Tiggemann, Felix"]
[Black "Krieger, Roy"]
[Result "0-1"]
[WhiteElo "1453"]
[BlackElo "1293"]
[PlyCount "80"]
[EventDate "2017.??.??"]
[WhiteTeam "SF Schöneck"]
[BlackTeam "Muldental Wilkau-Haßlau"]

1. e4 e5 2. Nf3 d6 3. c3 Nf6 4. Qc2 Be7 5. Bc4 O-O 6. O-O c6 7. d4 exd4 8. cxd4
Nbd7 9. Rd1 Nb6 10. Be2 Bg4 11. h3 Bh5 12. e5 Nfd5 13. exd6 Bxd6 14. Ng5 Bg6
15. Bd3 Nb4 16. Qb3 Nxd3 17. Rxd3 h6 18. Nxf7 Bxf7 19. Qd1 Re8 20. Nc3 Bh5 21.
Qf1 Nd5 22. f3 Nxc3 23. bxc3 Bf7 24. Rd1 b5 25. Qd3 Qh4 26. Qf1 Qg3 27. f4 Bc4
28. Qf2 Qxc3 29. Bd2 Qc2 30. Qg3 Be2 31. Rac1 Qb2 32. Bc3 Qxa2 33. d5 Re7 34.
Re1 Rf8 35. dxc6 Bxf4 36. Qg6 Qf7 37. Qxf7+ Rfxf7 38. Rc2 Be3+ 39. Kh2 Bd3 40.
Rb2 Bf4+ 0-1

[Event "Sparkassen-Open B"]
[Site "Heusenstamm, Martinsee"]
[Date "2017.11.26"]
[Round "6.51"]
[White "Gräf, Jakob"]
[Black "Englert, Lin"]
[Result "0-1"]
[WhiteElo "1476"]
[BlackElo "1227"]
[PlyCount "118"]
[EventDate "2017.??.??"]
[WhiteTeam "SV Frankfurt Nord"]
[BlackTeam "TV-Großostheim"]

1. f4 d5 2. Nf3 Nf6 3. e3 Nc6 4. Be2 Bf5 5. b3 e6 6. Bb2 Bd6 7. h3 O-O 8. d3
Re8 9. Qd2 e5 10. g4 Bc8 11. f5 e4 12. Nd4 Nxd4 13. Bxd4 exd3 14. Qxd3 c6 15.
Nd2 Bg3+ 16. Kd1 Be5 17. Kc1 Bxd4 18. exd4 Ne4 19. Nxe4 Rxe4 20. Kb2 Qe8 21.
Rae1 Re3 22. Qd2 a5 23. Bd3 Rxe1 24. Rxe1 Qd8 25. f6 Be6 26. fxg7 Kxg7 27. Re5
Qf6 28. Rh5 h6 29. g5 hxg5 30. Rxg5+ Kf8 31. Qg2 Ke7 32. h4 Qxd4+ 33. Kb1 Qxh4
34. Bf5 Qe1+ 35. Kb2 Qe5+ 36. Kb1 Bxf5 37. Qf2 Bxc2+ 38. Qxc2 Qxg5 39. Qc5+ Kf6
40. Qd6+ Kg7 41. Qd7 Rb8 42. Qc7 Re8 43. Qxa5 Re2 44. Qc3+ f6 45. Qc5 Qe3 46.
Qc1 Re1 47. Qxe1 Qxe1+ 48. Kb2 f5 49. b4 Qxb4+ 50. Ka1 f4 51. a3 Qxa3+ 52. Kb1
Qb3+ 53. Ka1 Qd1+ 54. Kb2 Qd3 55. Ka2 f3 56. Kb2 f2 57. Ka2 f1=Q 58. Kb2 Qf2+
59. Kc1 Qdf1# 0-1

[Event "Sparkassen-Open B"]
[Site "Heusenstamm, Martinsee"]
[Date "2017.11.26"]
[Round "6.52"]
[White "Schmitz, Bernhard Hubert"]
[Black "Boder, Jörg"]
[Result "0-1"]
[WhiteElo "1420"]
[BlackElo "1139"]
[PlyCount "42"]
[EventDate "2017.??.??"]
[WhiteTeam "Vorw.Orient Mainz"]
[BlackTeam "SG Mörsdorf-Lahr"]

1. d4 g6 2. c4 d5 3. cxd5 Nf6 4. Nc3 Nxd5 5. e4 Nxc3 6. bxc3 Bg7 7. Nf3 Bg4 8.
Be2 Bxf3 9. Bxf3 c5 10. e5 Nc6 11. Qa4 O-O 12. Bxc6 bxc6 13. Be3 cxd4 14. cxd4
Qd5 15. O-O Rfb8 16. Rab1 a5 17. Rfc1 Rxb1 18. Rxb1 c5 19. f4 cxd4 20. Bxd4 Qe4
21. Qd1 Qxf4 0-1

[Event "Sparkassen-Open B"]
[Site "Heusenstamm, Martinsee"]
[Date "2017.11.26"]
[Round "6.53"]
[White "von Beckh, Frieda"]
[Black "Bloß, Silvia"]
[Result "1/2-1/2"]
[WhiteElo "1288"]
[BlackElo "1390"]
[PlyCount "125"]
[EventDate "2017.??.??"]
[WhiteTeam "SC Eschborn"]
[BlackTeam "Muldental Wilkau-Haßlau"]

1. e4 e5 2. Nf3 Nc6 3. d4 exd4 4. Bc4 Be7 5. Nxd4 Nxd4 6. Qxd4 Nf6 7. Nc3 c6 8.
Bf4 O-O 9. O-O b6 10. Rad1 b5 11. Be2 a5 12. Qd3 h6 13. Qg3 Kh8 14. Bc7 Qe8 15.
e5 Nh7 16. Ne4 f5 17. exf6 Nxf6 18. Nd6 Bxd6 19. Bxd6 Ne4 20. Qd3 Nxd6 21. Qxd6
Rf6 22. Qd3 d5 23. Rfe1 Qg6 24. Qxg6 Rxg6 25. Bd3 Re6 26. Rxe6 Bxe6 27. Re1 Bg8
28. Re7 Bh7 29. Bxh7 Kxh7 30. Rc7 Re8 31. f4 Re1+ 32. Kf2 Re6 33. f5 Rf6 34. g4
Rd6 35. Ke3 d4+ 36. Ke4 a4 37. Ke5 Rd5+ 38. Ke6 d3 39. cxd3 Rxd3 40. f6 Re3+
41. Kd6 Rd3+ 42. Kxc6 Rd8 43. f7 Kg6 44. Kxb5 Kg5 45. f8=Q Rxf8 46. Rxg7+ Kf6
47. Rb7 Kg5 48. Kxa4 Kxg4 49. b4 Rf2 50. a3 Rxh2 51. b5 h5 52. b6 Rb2 53. Ka5
h4 54. Rh7 h3 55. Ka6 Ra2 56. Kb5 Rxa3 57. Kb4 Ra8 58. Kc3 Rd8 59. b7 Kg3 60.
Rg7+ Kf2 61. Rf7+ Kg2 62. Rg7+ Kf1 63. Rf7+ 1/2-1/2

[Event "Sparkassen-Open B"]
[Site "Heusenstamm, Martinsee"]
[Date "2017.11.26"]
[Round "6.55"]
[White "Papadopoulos, Leon"]
[Black "Gräf, Roman Konrad"]
[Result "1-0"]
[WhiteElo "1085"]
[BlackElo "1191"]
[PlyCount "57"]
[EventDate "2017.??.??"]
[WhiteTeam "SV Oberursel"]
[BlackTeam "SV Frankfurt Nord"]

1. e4 e6 2. d4 d6 3. Nc3 g6 4. Nf3 Bg7 5. Be3 b6 6. Bd3 Bb7 7. O-O h6 8. Qd2 a6
9. Rfe1 Nd7 10. d5 e5 11. Rad1 Bf6 12. Ne2 Nc5 13. Bxc5 dxc5 14. d6 cxd6 15.
Bc4 b5 16. Bd5 Bxd5 17. Qxd5 Bg5 18. Qc6+ Kf8 19. Rxd6 Qa5 20. Qxa8+ Kg7 21.
Rxa6 Qxe1+ 22. Nxe1 Bd2 23. Qb7 h5 24. Nf3 Bf4 25. Ra7 Nh6 26. Nh4 g5 27. Nf5+
Nxf5 28. Qxf7+ Kh6 29. Qf6# 1-0

[Event "Sparkassen-Open B"]
[Site "Heusenstamm, Martinsee"]
[Date "2017.11.26"]
[Round "6.56"]
[White "Gräf, Britta"]
[Black "Lochmann, Tobias"]
[Result "0-1"]
[WhiteElo "950"]
[BlackElo "1251"]
[PlyCount "80"]
[EventDate "2017.??.??"]
[WhiteTeam "SV Frankfurt Nord"]
[BlackTeam "SV Groß-Gerau"]

1. d4 g6 2. Bf4 Nc6 3. e3 Bg7 4. Nf3 Nf6 5. Bd3 O-O 6. O-O d6 7. h3 Nd5 8. Bh2
e5 9. Nbd2 exd4 10. exd4 Ndb4 11. Be4 Nxd4 12. Nxd4 Bxd4 13. c3 c5 14. cxd4
cxd4 15. Nf3 d5 16. Bb1 d3 17. Qb3 a5 18. Qxd3 Nxd3 19. Bxd3 b6 20. a4 Qf6 21.
Be2 Qxb2 22. Rae1 Ba6 23. Bd6 Rfd8 24. Be5 Qa2 25. Bxa6 Rxa6 26. Bd4 Qxa4 27.
Kh2 b5 28. g4 b4 29. Rg1 Rb8 30. Re2 b3 31. Rge1 Re6 32. h4 Rxe2 33. Rxe2 b2
34. Bxb2 Qf4+ 35. Kg2 Qxg4+ 36. Kf1 Qh3+ 37. Ke1 Qh1+ 38. Ng1 Qxg1+ 39. Kd2
Rxb2+ 40. Ke3 Rxe2+ 0-1

[Event "Sparkassen-Open B"]
[Site "Heusenstamm, Martinsee"]
[Date "2017.11.26"]
[Round "7.1"]
[White "Björknes, Uwe"]
[Black "Bunjaku, Lulzim"]
[Result "0-1"]
[WhiteElo "1696"]
[BlackElo "1756"]
[PlyCount "68"]
[EventDate "2017.??.??"]
[WhiteTeam "SC Bergen-Enkheim"]
[BlackTeam "SC Heusenstamm"]

1. c4 f5 2. Nc3 Nf6 3. d4 e6 4. e4 fxe4 5. Bg5 Bb4 6. Nge2 O-O 7. Ng3 Bxc3+ 8.
bxc3 d5 9. Nh5 Nbd7 10. cxd5 exd5 11. Qb3 c6 12. c4 Qa5+ 13. Bd2 Qb6 14. Qxb6
Nxb6 15. Nxf6+ Rxf6 16. c5 Na4 17. Be2 b5 18. Rb1 Bf5 19. Rb3 a6 20. Bd1 a5 21.
Be3 b4 22. Bd2 Rg6 23. O-O Bg4 24. Bc2 Be2 25. Re1 Bc4 26. Rh3 Nb2 27. f3 Nd3
28. Ra1 Re8 29. fxe4 dxe4 30. Be3 Be6 31. Rh4 Bd5 32. Bd1 Ne1 33. Rg4 Rxg4 34.
Bxg4 Nc2 0-1

[Event "Sparkassen-Open B"]
[Site "Heusenstamm, Martinsee"]
[Date "2017.11.26"]
[Round "7.2"]
[White "Edel, Fenja"]
[Black "Englert, Fred"]
[Result "0-1"]
[WhiteElo "1694"]
[BlackElo "1778"]
[PlyCount "120"]
[EventDate "2017.??.??"]
[WhiteTeam "SV Springe"]
[BlackTeam "SK Klingenberg"]

1. e4 c6 2. d4 d5 3. exd5 cxd5 4. Bd3 Nc6 5. c3 g6 6. Nf3 Bg7 7. O-O Nf6 8. Bg5
O-O 9. Nbd2 b6 10. Re1 Bb7 11. Ne5 Rc8 12. Ndf3 Na5 13. Bb5 a6 14. Bd3 Nc4 15.
Qe2 b5 16. Rac1 Nd6 17. Bxf6 exf6 18. Ng4 Re8 19. Qd2 Qd7 20. h3 Rxe1+ 21. Rxe1
h5 22. Ne3 Re8 23. Nc2 Kh7 24. Rxe8 Qxe8 25. Qd1 Nc4 26. Bxc4 dxc4 27. Qe1 Qd7
28. Nd2 Bh6 29. Ne3 Qe6 30. b3 cxb3 31. Nxb3 Qe4 32. Nc5 Qe7 33. Nxb7 Qxb7 34.
Qe2 Qe4 35. d5 Bxe3 36. Qxe3 Qxd5 37. a3 Kg7 38. Qb6 Qe6 39. Qc5 Qe1+ 40. Kh2
Qe5+ 41. Qxe5 fxe5 42. Kg3 f5 43. Kf3 Kf6 44. g3 g5 45. h4 gxh4 46. gxh4 Ke6
47. Ke3 Kd5 48. Kd3 a5 49. f3 a4 50. Kd2 Kc4 51. Kc2 e4 52. fxe4 fxe4 53. Kd2
e3+ 54. Kxe3 Kxc3 55. Kf4 b4 56. axb4 Kxb4 57. Kg5 a3 58. Kxh5 a2 59. Kg6 a1=Q
60. h5 Qh8 0-1

[Event "Sparkassen-Open B"]
[Site "Heusenstamm, Martinsee"]
[Date "2017.11.26"]
[Round "7.4"]
[White "Merges, Harald"]
[Black "Kohn, Matthias"]
[Result "1/2-1/2"]
[WhiteElo "1773"]
[BlackElo "1739"]
[PlyCount "36"]
[EventDate "2017.??.??"]
[WhiteTeam "SG Reil-Kinheim"]
[BlackTeam "SF Mahndorf"]

1. e4 c5 2. c3 g6 3. d4 cxd4 4. cxd4 d5 5. e5 Bg7 6. Nf3 Bg4 7. h3 Bxf3 8. Qxf3
a6 9. Nc3 e6 10. Qd3 Nc6 11. Be3 Nge7 12. g4 h5 13. Bg2 Qb6 14. Qd2 Qb4 15. Ne2
hxg4 16. hxg4 Rxh1+ 17. Bxh1 Rc8 18. Rc1 Qxd2+ 1/2-1/2

[Event "Sparkassen-Open B"]
[Site "Heusenstamm, Martinsee"]
[Date "2017.11.26"]
[Round "7.5"]
[White "Zerhusen, Martin"]
[Black "Mügendt, Brian Christopher"]
[Result "1-0"]
[WhiteElo "1751"]
[BlackElo "1732"]
[PlyCount "85"]
[EventDate "2017.??.??"]
[WhiteTeam "SV Oberursel"]
[BlackTeam "SC Heusenstamm"]

1. d4 Nf6 2. c4 g6 3. Nc3 Bg7 4. e4 d6 5. f3 O-O 6. Be3 Nc6 7. Bd3 a6 8. Nge2
Rb8 9. O-O Bd7 10. a3 Na7 11. d5 c5 12. Rb1 b5 13. b4 bxc4 14. Bxc4 Nb5 15.
Bxb5 Bxb5 16. Nxb5 Rxb5 17. bxc5 dxc5 18. Rxb5 axb5 19. Bxc5 Nd7 20. Bb4 Qb6+
21. Kh1 Bf6 22. Qc2 Ne5 23. Qc5 Qb8 24. Qe3 Nc4 25. Qd3 Rc8 26. f4 Rd8 27. e5
Bg7 28. Bxe7 Rd7 29. Bb4 Qb7 30. d6 Qb6 31. Qd4 Qb7 32. Nc3 Qa6 33. Qc5 Nxa3
34. Bxa3 b4 35. Qb5 Qxa3 36. Qxd7 Qxc3 37. Qe8+ Bf8 38. d7 Qd3 39. Rg1 Qd4 40.
d8=Q Qc5 41. Qxf8+ Qxf8 42. Qxf8+ Kxf8 43. Rb1 1-0

[Event "Sparkassen-Open B"]
[Site "Heusenstamm, Martinsee"]
[Date "2017.11.26"]
[Round "7.6"]
[White "Hänselmann, Hendrik"]
[Black "Ringeltaube, Denny"]
[Result "1/2-1/2"]
[WhiteElo "1597"]
[BlackElo "1746"]
[PlyCount "49"]
[EventDate "2017.??.??"]
[WhiteTeam "Karlsruher SF"]
[BlackTeam "Klub Kölner SF"]

1. e4 c5 2. Nf3 e6 3. d4 cxd4 4. Nxd4 Nc6 5. Nc3 Nf6 6. Nb3 Bb4 7. Bd2 a6 8.
Bd3 O-O 9. O-O Ne5 10. f4 Nxd3 11. cxd3 b5 12. a3 Be7 13. e5 Ne8 14. Qf3 Rb8
15. Ne4 d6 16. Rac1 Bb7 17. Qe2 Bxe4 18. Qxe4 dxe5 19. fxe5 Bg5 20. Bxg5 Qxg5
21. Nc5 Rd8 22. Qf4 Qxf4 23. Rxf4 Nc7 24. Rf3 Rd5 25. Re3 1/2-1/2

[Event "Sparkassen-Open B"]
[Site "Heusenstamm, Martinsee"]
[Date "2017.11.26"]
[Round "7.7"]
[White "Hambel, Christoph"]
[Black "John, Volkmar"]
[Result "1/2-1/2"]
[WhiteElo "1679"]
[BlackElo "1796"]
[PlyCount "31"]
[EventDate "2017.??.??"]
[WhiteTeam "Bad Vilbeler Sfr"]
[BlackTeam "SK Herborn"]

1. e4 c5 2. c4 Nc6 3. Nc3 Nf6 4. d3 e6 5. g3 d5 6. exd5 exd5 7. Bg2 dxc4 8.
dxc4 Qxd1+ 9. Nxd1 Nd4 10. Ne3 Bd6 11. Nf3 Nxf3+ 12. Bxf3 O-O 13. O-O Rb8 14.
b3 Be5 15. Rb1 b6 16. Bb2 1/2-1/2

[Event "Sparkassen-Open B"]
[Site "Heusenstamm, Martinsee"]
[Date "2017.11.26"]
[Round "7.8"]
[White "Burow, Roger"]
[Black "Lanz, Udo"]
[Result "1/2-1/2"]
[WhiteElo "1708"]
[BlackElo "1782"]
[PlyCount "107"]
[EventDate "2017.??.??"]
[WhiteTeam "SV Kelsterbach"]
[BlackTeam "VSG Offenbach"]

1. d4 f5 2. Bf4 g6 3. Nf3 Bg7 4. e3 Nf6 5. Nbd2 d6 6. h3 Nh5 7. Bh2 Nc6 8. Be2
e5 9. dxe5 dxe5 10. c3 Be6 11. Nc4 e4 12. Nd4 Nxd4 13. cxd4 Nf6 14. Be5 O-O 15.
O-O Nd7 16. Bxg7 Kxg7 17. b3 c6 18. Rc1 Qe7 19. f3 exf3 20. Bxf3 Nb6 21. Ne5
Nd7 22. Nxd7 Bxd7 23. Re1 Be6 24. Qd2 Rad8 25. Qc3 Bd5 26. Bxd5 Rxd5 27. Rc2
Qe4 28. Rce2 Re8 29. b4 a6 30. a3 h5 31. Rf2 g5 32. Kf1 Kg6 33. Rf3 Re7 34. Qd2
Rd6 35. Kf2 Rde6 36. g3 Qd5 37. Qd3 Re4 38. Re2 Qe6 39. Kg2 Kh6 40. Kf2 Kg6 41.
Kg2 h4 42. Kf2 Kh5 43. Kg2 hxg3 44. Kxg3 f4+ 45. Kf2 fxe3+ 46. Rfxe3 Rxe3 47.
Rxe3 Qa2+ 48. Kg3 Rxe3+ 49. Qxe3 Qf7 50. Qe2+ Kh6 51. Qe3 Kh5 52. Qe2+ Kh6 53.
Qe3 Kh5 54. Qe2+ 1/2-1/2

[Event "Sparkassen-Open B"]
[Site "Heusenstamm, Martinsee"]
[Date "2017.11.26"]
[Round "7.9"]
[White "Bach, Oliver"]
[Black "Füssel, Jan Michael"]
[Result "0-1"]
[WhiteElo "1599"]
[BlackElo "1772"]
[PlyCount "96"]
[EventDate "2017.??.??"]
[WhiteTeam "Frankfurter TV"]
[BlackTeam "VSG Offenbach"]

1. d4 d5 2. c4 e6 3. Nc3 Nf6 4. Nf3 c6 5. e3 Bd6 6. c5 Bc7 7. Bd3 O-O 8. O-O
Nbd7 9. b4 e5 10. dxe5 Nxe5 11. h3 Re8 12. Bb2 Qe7 13. Na4 Nxd3 14. Qxd3 Nd7
15. Qd4 Ne5 16. Nxe5 Bxe5 17. Qd3 Qh4 18. f4 Bxb2 19. Nxb2 Qf6 20. Qd2 Bf5 21.
Rf3 Be4 22. Rf2 Re6 23. Re1 Rae8 24. Nd3 Bxd3 25. Qxd3 Re4 26. Qd2 Rc4 27. Rc1
Ree4 28. Rxc4 Rxc4 29. Qb2 Qf5 30. a3 Qe4 31. Rf3 f6 32. Rg3 Kf7 33. Kh2 Qd3
34. b5 Qc2 35. Qa1 cxb5 36. Qe1 Qc3 37. Qb1 Rxc5 38. Qxh7 f5 39. Qxf5+ Kg8 40.
Qe6+ Kh7 41. Qg6+ Kh8 42. Qe8+ Kh7 43. Rg5 Rc6 44. Rh5+ Rh6 45. Rxd5 Qc6 46.
Qe4+ Rg6 47. Rh5+ Kg8 48. Qe7 Qxg2# 0-1

[Event "Sparkassen-Open B"]
[Site "Heusenstamm, Martinsee"]
[Date "2017.11.26"]
[Round "7.10"]
[White "Haftmann, Rainer"]
[Black "Peteani, Damien"]
[Result "1-0"]
[WhiteElo "1768"]
[BlackElo "1687"]
[PlyCount "71"]
[EventDate "2017.??.??"]
[WhiteTeam "SG Dietzenbach"]
[BlackTeam "SV Groß-Gerau"]

1. e4 e6 2. d4 d5 3. Nd2 dxe4 4. Nxe4 Bd7 5. Nf3 Bc6 6. Bd3 Nd7 7. c3 Ngf6 8.
Nxf6+ Nxf6 9. Bg5 Be7 10. O-O Bxf3 11. Qxf3 Qd5 12. Qxd5 Nxd5 13. Bd2 O-O 14.
Rfe1 c6 15. a3 Bd6 16. g3 Rfe8 17. f4 Rad8 18. c4 Nf6 19. b4 c5 20. Rad1 b6 21.
Bc3 cxd4 22. Bxd4 Nd7 23. Bf2 Kh8 24. Bc2 Bc7 25. Ba4 Re7 26. Rd2 Nf6 27. Rxd8+
Bxd8 28. Rd1 Bc7 29. c5 Nd5 30. cxb6 Nxb6 31. Bb3 h6 32. Bc5 Re8 33. a4 Rd8 34.
Rxd8+ Bxd8 35. a5 Nd5 36. Bxd5 1-0

[Event "Sparkassen-Open B"]
[Site "Heusenstamm, Martinsee"]
[Date "2017.11.26"]
[Round "7.11"]
[White "Baranyai-Molnar, Adam-Kristof"]
[Black "Weber, Detlef"]
[Result "1-0"]
[WhiteElo "1715"]
[BlackElo "1633"]
[PlyCount "59"]
[EventDate "2017.??.??"]
[WhiteTeam "SF Neuberg"]
[BlackTeam "SC Höxter"]

1. e4 e5 2. f4 exf4 3. Nf3 g5 4. h4 Be7 5. hxg5 Bxg5 6. d4 d6 7. g3 Bg4 8. Bxf4
Bxf3 9. Qxf3 Nc6 10. Bb5 a6 11. Bxc6+ bxc6 12. Nc3 Bxf4 13. gxf4 Qe7 14. O-O-O
O-O-O 15. e5 d5 16. Na4 Qb4 17. Nc5 Qc4 18. Qa3 Ne7 19. Nxa6 Nf5 20. Qa5 Rd7
21. Nc5 Kd8 22. Nxd7 Kxd7 23. b3 Qe2 24. Qd2 Qa6 25. Kb2 Ra8 26. a4 Qb6 27.
Rxh7 Ke6 28. Ka2 c5 29. Rdh1 c4 30. R1h6+ 1-0

[Event "Sparkassen-Open B"]
[Site "Heusenstamm, Martinsee"]
[Date "2017.11.26"]
[Round "7.12"]
[White "Sikorra, Philipp"]
[Black "Schwegler, Jelena"]
[Result "1/2-1/2"]
[WhiteElo "1755"]
[BlackElo "1462"]
[PlyCount "101"]
[EventDate "2017.??.??"]
[WhiteTeam "SC Ladja Roßdorf"]
[BlackTeam "SK Bad Homburg"]

1. e4 e5 2. f4 exf4 3. Nf3 Nc6 4. Bc4 Nf6 5. Nc3 Bb4 6. e5 Bxc3 7. bxc3 Ne4 8.
Bd5 Ng5 9. O-O O-O 10. d4 d6 11. Nxg5 Qxg5 12. Bxf4 Qg6 13. exd6 cxd6 14. Bc4
Ne7 15. Qd2 Bg4 16. Rf2 Nf5 17. Bd3 Rad8 18. Raf1 Qh5 19. Bxf5 Bxf5 20. Bg5 f6
21. Rxf5 fxg5 22. Qxg5 Qxg5 23. Rxg5 Rxf1+ 24. Kxf1 Rc8 25. Ra5 Rxc3 26. Rxa7
Rxc2 27. Rxb7 Rc4 28. Ke2 Rxd4 29. Rb2 Rg4 30. Kf3 Rg6 31. Ke4 Kf8 32. Kd5 Ke7
33. Rb7+ Kd8 34. a4 Rxg2 35. Kxd6 Rd2+ 36. Kc5 Rxh2 37. Rxg7 h5 38. a5 Ra2 39.
Kb6 Rb2+ 40. Ka7 h4 41. Rh7 Rb4 42. a6 Kc8 43. Ka8 Rb8+ 44. Ka7 Rb4 45. Rb7 Ra4
46. Rb1 Ra3 47. Rc1+ Kd7 48. Rb1 Kc7 49. Rc1+ Kd7 50. Rc5 h3 51. Rh5 1/2-1/2

[Event "Sparkassen-Open B"]
[Site "Heusenstamm, Martinsee"]
[Date "2017.11.26"]
[Round "7.13"]
[White "Schwenk, Stefan"]
[Black "Edenhäuser, Hermann"]
[Result "1-0"]
[WhiteElo "1727"]
[BlackElo "1419"]
[PlyCount "120"]
[EventDate "2017.??.??"]
[WhiteTeam "TuS Dotzheim"]
[BlackTeam "SC Heusenstamm"]

1. c4 e6 2. g3 Nf6 3. Bg2 Be7 4. e3 O-O 5. Nc3 d5 6. cxd5 Nxd5 7. Nge2 c6 8. a3
e5 9. O-O Be6 10. b4 Qd7 11. Bb2 f6 12. Re1 a5 13. bxa5 Rxa5 14. Nxd5 cxd5 15.
d4 e4 16. Nf4 Bf7 17. Qd2 Nc6 18. Rec1 Rfa8 19. Qc3 Ra4 20. Bf1 R4a5 21. Qb3 g5
22. Ng2 Na7 23. Bc3 Ra4 24. Bb4 Nc6 25. Bxe7 Qxe7 26. Rab1 R8a7 27. Bb5 Rxa3
28. Qd1 Nb4 29. Ne1 Na2 30. Rc8+ Kg7 31. Qc2 Nb4 32. Qc7 Qxc7 33. Rxc7 Nc6 34.
Bxc6 bxc6 35. Rxc6 Ra1 36. Rcc1 Rxb1 37. Rxb1 Ra2 38. h3 h5 39. Kg2 g4 40. hxg4
hxg4 41. Kg1 f5 42. Ng2 Ra6 43. Nh4 Rf6 44. Kf1 Be6 45. Ke2 Kf7 46. Rb7+ Ke8
47. Kd2 Rf7 48. Rb8+ Kd7 49. Ng6 Kc7 50. Ra8 Kd6 51. Ra6+ Kd7 52. Ne5+ Ke7 53.
Ra7+ Kf6 54. Nxf7 Bxf7 55. Kc3 Be6 56. Kb4 Bc8 57. Kc5 Be6 58. Kd6 Bg8 59. Ra8
Be6 60. Rh8 Bf7 1-0